{"text_format":"3","workbook":"xlsx","n_sheets":1,"sheets":["固定资产报废明细表"],"read":"whole","date_system":"1900"}

{"sheet":"固定资产报废明细表","index":0,"n_rows":38,"n_cols":8,"rows_kept":38,"merged":[[0,0,0,7]]}
["固定资产报废明细表"]
["序号","资产名称","分类名称","单价（元）","套  (件数)","总价（元）","计量单位","购置日期"]
[{"$nulls":4},{"$f":"SUM(E4:E38)","v":119},{"$f":"SUM(F4:F38)","v":238721.43}]
[1,"电脑主机","台式机",2800,11,{"$f":"(D4*E4)","v":30800},"台","2007-06-01"]
[2,"电脑主机","台式机",2650,2,{"$f":"(D5*E5)","v":5300},"台","2007-06-01"]
[3,"电脑主机","台式机",2450,1,2450,"台","2005-09-01"]
[4,"电脑主机","台式机",2600,1,2600,"台","2006-08-01"]
[5,"电脑显示器","终端机",1000,15,15000,"台","2006-08-01"]
[6,"音响","音箱",225,2,450,"台","2005-09-01"]
[7,"3教7楼测绘室 单人桌","台、桌类",120,7,840,"件","2005-09-01"]
[8,"3教7楼测绘室 画桌","台、桌类",280,1,280,"件","2005-09-01"]
[9,"测绘室 画桌","台、桌类",305,1,305,"件","2005-09-01"]
[10,"三屉桌","台、桌类",130,3,390,"件","2005-05-01"]
[11,"不包铝边课桌","台、桌类",104,6,624,"件","2005-05-01"]
[12,"新学生靠椅","椅凳类",900,1,900,"件","2004-08-13"]
[13,"液压设备一套","控制设备",3523.43,1,3523.43,"件","2004-08-13"]
[14,"CMT-A型冷冲模具实验实训台","教学用电子学实验仪器",60000,2,120000,"件","2008-06-01"]
[15,"方凳","椅凳类",189,1,189,"件","2006-07-01"]
[16,"四人课桌椅","台、桌类",5200,1,5200,"件","2006-07-01"]
[17,"水准仪","其他光学仪器",1200,6,7200,"件","2006-07-01"]
[18,"50米钢卷尺","端度计量标准器具",50,2,100,"件","2006-07-01"]
[19,"钢卷尺30米","端度计量标准器具",30,2,60,"件","2006-07-01"]
[20,"30米钢卷尺","端度计量标准器具",50,3,150,"件","2006-07-01"]
[21,"办公桌","台、桌类",165,1,165,"件","2007-06-01"]
[22,"木桌","台、桌类",165,3,495,"件","2006-08-08"]
[23,"功放","音频功率放大器设备（功放设备）",1200,2,2400,"件","2008-09-01"]
[24,"晒图仪","台式机",39300,1,39300,"件","2009-02-20"]
[25,"煤矿用防爆开关",null,null,10,null,null,"2005年赠送"]
[26,"防爆电机",null,null,8,null,null,"2005年赠送"]
[27,"半导体硅整流设备",null,null,1,null,null,"2005年赠送"]
[28,"自耦电压启动器",null,null,1,null,null,"2005年赠送"]
[29,"干湿变压器",null,null,2,null,null,"2005年赠送"]
[30,"检漏继电器",null,null,1,null,null,"2005年赠送"]
[31,"通风机配件",null,null,1,null,null,"2005年赠送"]
[32,"水泵",null,null,6,null,null,"2005年赠送"]
[33,"大减速机",null,null,1,null,null,"2005年赠送"]
[34,"凿岩机",null,null,7,null,null,"2005年赠送"]
[35,"矿灯",null,null,5,null,null,"2005年赠送"]